[Event "BCF-ch U10"]
[Site "Hull"]
[Date "2024.08.01"]
[Round "5"]
[White "Blin, Eliza"]
[Black "Dairi, Daniella"]
[Result "1-0"]
[WhiteElo "812"]
[BlackElo "787"]
[PlyCount "165"]
[EventDate "2024.07.28"]
[EventType "swiss"]
[EventRounds "7"]
[EventCountry "ENG"]
[SourceTitle "EXT 2025"]
[Source "ChessBase"]
[SourceDate "2024.10.14"]
[SourceVersion "1"]
[SourceVersionDate "2024.10.14"]
[SourceQuality "1"]

1. d4 d5 2. c4 e6 3. a3 Nf6 4. Nf3 Be7 5. e3 0-0 6. Bd3 Nc6 7. 0-0 b6 8. Nc3 Bd6 9. b4 e5 10. dxe5 Nxe5 11. Be2 Nxf3+ 12. Bxf3 Be5 13. Bb2 Bxc3 14. Bxc3 Be6 15. Bxf6 Qxf6 16. cxd5 Bd7 17. d6 Bb5 18. Re1 Rad8 19. Qc2 Qxd6 20. Qf5 Bc6 21. Bd1 g6 22. Qg5 Qd5 23. Qg3 h5 24. Bf3 Qd7 25. Bxh5 Qf5 26. Bg4 Qg5 27. Bf3 Qxg3 28. fxg3 Bxf3 29. gxf3 Rfe8 30. e4 f5 31. exf5 gxf5 32. Rxe8+ Rxe8 33. f4 c5 34. Rc1 cxb4 35. axb4 Re3 36. Rc8+ Kf7 37. Rc7+ Re7 38. Rxe7+ Kxe7 39. Kg2 a5 40. Kf2 axb4 41. Ke2 Kd6 42. Kd2 Kc5 43. Kc2 Kc4 44. Kb2 b3 45. h4 Kd5 46. Kxb3 Ke6 47. Kb4 Kf6 48. Kb5 Kg6 49. Kxb6 Kh6 50. Kc6 Kh5 51. Kd6 Kh6 52. Ke6 Kg6 53. Ke5 Kh7 54. Kxf5 Kh6 55. g4 Kh7 56. g5 Kh8 57. Kg6 Kg8 58. Kh6 Kh8 59. Kg6 Kg8 60. Kf6 Kh8 61. g6 Kg8 62. g7 Kh7 63. Kf7 Kh6 64. g8Q Kh5 65. Qg6+ Kxh4 66. Kf6 Kh3 67. Kg5 Kg3 68. Kh5+ Kxf4 69. Qd3 Ke5 70. Qc4 Kf5 71. Kh4 Ke5 72. Qa4 Kd5 73. Kg3 Kc5 74. Kf3 Kd5 75. Ke3 Kc5 76. Kd3 Kb6 77. Qd7 Ka6 78. Qc7 Kb5 79. Kd4 Ka6 80. Qb8 Ka5 81. Kc4 Ka6 82. Kc5 Ka5 83. Qb5# 1-0

[Event "BCF-ch PM U1450 op"]
[Site "Hull"]
[Date "2024.07.31"]
[Round "3"]
[White "Stubbs, John"]
[Black "Blin, Eliza"]
[Result "0-1"]
[WhiteElo "1321"]
[BlackElo "812"]
[PlyCount "71"]
[EventDate "2024.07.29"]
[EventType "swiss"]
[EventRounds "6"]
[EventCountry "ENG"]
[SourceTitle "CBM 221 Extra"]
[Source "ChessBase"]
[SourceDate "2024.09.30"]
[SourceVersion "1"]
[SourceVersionDate "2024.09.30"]
[SourceQuality "1"]

1. d4 d5 2. Bf4 c5 3. e3 e6 4. Nf3 Nf6 5. Nc3 Nc6 6. Be2 h6 7. 0-0 Be7 8. Ne5 0-0 9. Bf3 Bd7 10. h3 b6 11. Ne2 cxd4 12. Nxc6 Bxc6 13. exd4 Bd6 14. c4 Bxf4 15. Nxf4 Qd6 16. Ne2 dxc4 17. Bxc6 Qxc6 18. Rc1 b5 19. b3 a5 20. Qc2 Nd5 21. a3 Rfc8 22. bxc4 bxc4 23. Qa2 Qb5 24. Nc3 Nxc3 25. Rxc3 Qd5 26. Rfc1 Qf5 27. Rxc4 Rxc4 28. Qxc4 Rb8 29. Qc5 Qf6 30. Qc7 Rb7 31. Rf1 Qxd4 32. Qxa5 Rb3 33. Qa8+ Kh7 34. Qf3 Qa7 35. Rb1 Qc7 36. Rb2 0-1

[Event "BCF-ch PM U1450 op"]
[Site "Hull"]
[Date "2024.07.29"]
[Round "1"]
[White "Blin, Eliza"]
[Black "Ewart, Samuel"]
[Result "1-0"]
[WhiteElo "812"]
[BlackElo "1288"]
[PlyCount "87"]
[EventDate "2024.07.29"]
[EventType "swiss"]
[EventRounds "6"]
[EventCountry "ENG"]
[SourceTitle "CBM 221 Extra"]
[Source "ChessBase"]
[SourceDate "2024.09.30"]
[SourceVersion "1"]
[SourceVersionDate "2024.09.30"]
[SourceQuality "1"]

1. d4 Nf6 2. c4 e6 3. a3 c5 4. Nf3 Nc6 5. e3 d5 6. Bd3 Bd6 7. 0-0 0-0 8. Nc3 Bc7 9. dxc5 dxc4 10. Bxc4 Qe7 11. b4 e5 12. e4 Bg4 13. Nd5 Qd8 14. Nxf6+ Qxf6 15. Be2 Nd4 16. Nxd4 exd4 17. Bxg4 Qe5 18. g3 Qxe4 19. Qf3 Qxf3 20. Bxf3 Rab8 21. Bb2 Be5 22. Rfd1 Rfd8 23. Re1 Bf6 24. Rad1 Rd7 25. c6 bxc6 26. Bc1 g6 27. Bxc6 Rd6 28. Bf4 Rxc6 29. Bxb8 Ra6 30. Be5 Bxe5 31. Rxe5 Rxa3 32. Rxd4 Rb3 33. Re7 a6 34. Ra7 Ra3 35. Rd6 Rb3 36. Rdxa6 Rxb4 37. Ra8+ Kg7 38. Kg2 Rb7 39. R6a7 Rb6 40. Re8 Rf6 41. h4 h5 42. Raa8 g5 43. Rg8+ Kh6 44. hxg5+ 1-0

[Event "BCF-ch U10"]
[Site "Hull"]
[Date "2024.07.29"]
[Round "2"]
[White "Gandhi, Krish"]
[Black "Blin, Eliza"]
[Result "1-0"]
[WhiteElo "1113"]
[BlackElo "812"]
[PlyCount "73"]
[EventDate "2024.07.28"]
[EventType "swiss"]
[EventRounds "7"]
[EventCountry "ENG"]
[SourceTitle "EXT 2025"]
[Source "ChessBase"]
[SourceDate "2024.10.14"]
[SourceVersion "1"]
[SourceVersionDate "2024.10.14"]
[SourceQuality "1"]

1. e4 e5 2. Nf3 Nc6 3. Nc3 Nf6 4. d4 exd4 5. Nxd4 Bb4 6. Nxc6 bxc6 7. Bd3 h6 8. 0-0 0-0 9. e5 Nd5 10. Nxd5 cxd5 11. Bxh6 Re8 12. Bxg7 Qg5 13. Bf6 Qh6 14. Qg4+ Kf8 15. Qxb4+ Kg8 16. Be7 Qg7 17. f4 d6 18. exd6 cxd6 19. Qxd6 Bh3 20. Qxd5 Bxg2 21. Qxg2 Qxg2+ 22. Kxg2 Rxe7 23. c4 Rd8 24. Bf5 Rd2+ 25. Kg3 Rxb2 26. c5 Rc7 27. Rac1 Rxa2 28. c6 Ra3+ 29. Kg4 Ra2 30. Rfd1 Ra6 31. Be4 Kf8 32. Rd7 Rxd7 33. cxd7 Rd6 34. Rc8+ Ke7 35. Bc6 Rxc6 36. d8Q+ Ke6 37. Rxc6# 1-0

[Event "BCF-ch U10"]
[Site "Hull"]
[Date "2024.07.28"]
[Round "1"]
[White "Blin, Eliza"]
[Black "Gunarathne, Miheli1"]
[Result "0-1"]
[WhiteElo "812"]
[BlackElo "1464"]
[PlyCount "146"]
[EventDate "2024.07.28"]
[EventType "swiss"]
[EventRounds "7"]
[EventCountry "ENG"]
[SourceTitle "EXT 2025"]
[Source "ChessBase"]
[SourceDate "2024.10.14"]
[SourceVersion "1"]
[SourceVersionDate "2024.10.14"]
[SourceQuality "1"]

1. d4 d5 2. c4 e6 3. a3 Nf6 4. Nf3 Nbd7 5. e3 Be7 6. Bd3 0-0 7. 0-0 b6 8. Nc3 Bb7 9. Qe2 c5 10. dxc5 Nxc5 11. cxd5 exd5 12. b4 Nxd3 13. Qxd3 Qc7 14. Bb2 Rad8 15. Ne2 Ne4 16. Rac1 Qd7 17. Qd4 Bf6 18. Ne5 Qe7 19. f4 Ba6 20. Qd1 Rc8 21. Re1 Bxe2 22. Qxe2 Rxc1 23. Rxc1 a5 24. bxa5 bxa5 25. Qb5 Nd2 26. Qxd5 Bxe5 27. fxe5 Rd8 28. Qxa5 Nb3 29. Qe1 Nxc1 30. Qxc1 Qd7 31. e6 Qxe6 32. Qc3 Rd1+ 33. Kf2 Qf5+ 34. Kg3 Qg6+ 35. Kf4 Rf1+ 36. Ke5 Rf5+ 37. Kd4 Qd6+ 38. Kc4 Rc5+ 39. Kb3 Rxc3+ 40. Bxc3 Qb6+ 41. Bb4 Qxe3+ 42. Bc3 Kf8 43. a4 Ke7 44. a5 Kd7 45. a6 Qb6+ 46. Bb4 Qxa6 47. h3 Qd3+ 48. Bc3 Qd1+ 49. Kb4 Qb1+ 50. Kc5 Qf5+ 51. Kc4 Qe4+ 52. Bd4 Qxg2 53. h4 Qe2+ 54. Kb4 Qe1+ 55. Kc4 Qxh4 56. Kc5 Qg5+ 57. Kc4 h5 58. Kc3 h4 59. Kc4 h3 60. Kc3 h2 61. Kc4 Qc1+ 62. Kd5 Qc6+ 63. Ke5 Qd6+ 64. Ke4 Qxd4+ 65. Kxd4 h1Q 66. Kc4 Qc6+ 67. Kb4 g5 68. Kb3 g4 69. Kb4 g3 70. Kb3 g2 71. Kb4 g1Q 72. Kb3 Qb1+ 73. Ka3 Qa6# 0-1